[Event "Elit(Farsta-Manhem)"]
[Site "?"]
[Date "2017.03.25"]
[Round "8"]
[White "Rozentalis, Eduardas"]
[Black "Sammalvuo, Tapani"]
[Result "0-1"]
[WhiteElo "2577"]
[BlackElo "2437"]
[PlyCount "94"]

1. e4 e6 2. d4 d5 3. Nd2 c5 4. Ngf3 cxd4 5. Nxd4 Nf6 6. exd5 Qxd5 7. N4f3 Be7
8. Bc4 Qd6 9. Qe2 Nbd7 10. O-O O-O 11. Re1 b6 12. Ne4 Qc6 13. Neg5 Bb7 14. Nxe6
fxe6 15. Qxe6+ Qxe6 16. Rxe6 Rfc8 17. Bb3 Kf8 18. Nd4 Nc5 19. Bf4 Rd8 20. Rae1
Rxd4 21. Rxe7 Nxb3 22. Rxb7 Rxf4 23. axb3 Rd4 24. g3 Rd7 25. Rxd7 Nxd7 26. Kf1
Rc8 27. Re2 a5 28. f4 h5 29. Kf2 Kf7 30. Kf3 g6 31. h3 Nc5 32. Rd2 Ne6 33. c3
Rc5 34. Rd7+ Kf6 35. g4 g5 36. f5 Nf4 37. Rd6+ Ke5 38. Rxb6 Rd5 39. gxh5 Kxf5
40. h6 Rd3+ 41. Kf2 Nxh3+ 42. Kf1 Nf4 43. c4 Ke4 44. c5 g4 45. Rd6 Rh3 46. c6
g3 47. Kg1 g2 0-1

[Event "Elit(Farsta-Manhem)"]
[Site "?"]
[Date "2017.03.25"]
[Round "8"]
[White "Urkedal, Frode"]
[Black "Welin, Mats"]
[Result "1-0"]
[WhiteElo "2557"]
[BlackElo "2356"]
[PlyCount "81"]

1. d4 Nf6 2. c4 e6 3. Nf3 d5 4. Nc3 Bb4 5. cxd5 exd5 6. Bg5 h6 7. Bh4 Nbd7 8.
e3 g5 9. Bg3 Ne4 10. Qb3 c5 11. dxc5 Qa5 12. a3 Bxc3+ 13. bxc3 O-O 14. Nd4
Ndxc5 15. Qb4 Qd8 16. Rc1 b6 17. Bb5 Qf6 18. O-O Be6 19. Be2 Rac8 20. c4 dxc4
21. Nxe6 Qxe6 22. Bxc4 Qe7 23. Rfd1 Rfd8 24. Bd5 Nxg3 25. hxg3 Qe5 26. e4 Kg7
27. f4 gxf4 28. gxf4 Qxf4 29. Rf1 Qe3+ 30. Kh2 Rd7 31. Rc3 a5 32. Rxe3 axb4 33.
Rg3+ Kh7 34. axb4 Ne6 35. Rf6 Ng5 36. Rxb6 Re7 37. Rg4 Kg7 38. b5 Rc5 39. Rh4
f6 40. Rf4 Nh7 41. Rb8 1-0

[Event "Elit(Farsta-Manhem)"]
[Site "?"]
[Date "2017.03.25"]
[Round "8"]
[White "Winsnes, Rikard"]
[Black "Degerman, Lars"]
[Result "1/2-1/2"]
[WhiteElo "2395"]
[BlackElo "2457"]
[PlyCount "37"]
[EventDate "2017.??.??"]

1. e4 c5 2. Nf3 d6 3. d4 cxd4 4. Nxd4 Nf6 5. Nc3 a6 6. Be3 e5 7. Nf3 Qc7 8. a4
h6 9. Be2 Be6 10. O-O Nbd7 11. a5 Be7 12. Nd5 Nxd5 13. exd5 Bf5 14. c4 O-O 15.
b4 Bh7 16. Rc1 Rac8 17. Qb3 Kh8 18. Nd2 Qd8 19. Rfd1 1/2-1/2

[Event "Elit(Farsta-Manhem)"]
[Site "?"]
[Date "2017.03.25"]
[Round "8"]
[White "Livner, Anders"]
[Black "Al Hadarani, Hatim"]
[Result "1/2-1/2"]
[WhiteElo "2322"]
[BlackElo "2291"]
[PlyCount "100"]

1. c4 f5 2. g3 e5 3. Nc3 Nf6 4. d4 exd4 5. Qxd4 Nc6 6. Qe3+ Be7 7. Bg2 O-O 8.
Nh3 Re8 9. O-O Bb4 10. Qd3 Ne5 11. Qc2 c6 12. b3 Ng6 13. Bb2 Qe7 14. e3 d6 15.
Rad1 h6 16. Nf4 Ne5 17. Nd3 Nxd3 18. Qxd3 Be6 19. a3 Bxc3 20. Bxc3 Rad8 21.
Bxf6 Qxf6 22. Qd4 Qxd4 23. Rxd4 Kf7 24. Rfd1 Ke7 25. a4 a5 26. Kf1 Rf8 27. Ke2
Rf6 28. Kd2 Bf7 29. Kc3 g5 30. Re1 Bg6 31. f4 Re6 32. Kd2 Kd7 33. Bh3 g4 34.
Bg2 Rde8 35. h3 h5 36. h4 Kc7 37. Rd3 Kb6 38. Ke2 Kc5 39. Red1 Bf7 40. Kf2 R8e7
41. R1d2 Be8 42. Bf1 Bd7 43. Be2 Bc8 44. Bf1 b6 45. Bg2 Ba6 46. Rc2 Rf6 47.
Rdc3 Re8 48. Rd3 Re7 49. Rdc3 Re8 50. Rd3 Re7 1/2-1/2

[Event "Elit(Farsta-Manhem)"]
[Site "?"]
[Date "2017.03.25"]
[Round "8"]
[White "Akesson, Joel"]
[Black "Ernst, Thomas"]
[Result "1/2-1/2"]
[WhiteElo "2312"]
[BlackElo "2369"]
[PlyCount "27"]

1. c4 e6 2. Nf3 d5 3. g3 Nf6 4. Bg2 dxc4 5. Qa4+ Nbd7 6. Qxc4 c5 7. O-O a6 8.
Qc2 b5 9. b3 Bb7 10. Bb2 Be7 11. d3 O-O 12. Nbd2 Nd5 13. Rac1 Rc8 14. Qb1
1/2-1/2

[Event "Elit(Farsta-Manhem)"]
[Site "?"]
[Date "2017.03.25"]
[Round "8"]
[White "Hjelm, Niclas"]
[Black "Moberg, Karl Johan"]
[Result "1/2-1/2"]
[WhiteElo "2356"]
[BlackElo "2280"]
[PlyCount "49"]

1. d4 Nf6 2. c4 g6 3. Nc3 d5 4. Nf3 Bg7 5. Bg5 Ne4 6. Bh4 Nxc3 7. bxc3 dxc4 8.
Qa4+ Qd7 9. Qxc4 b6 10. e3 Ba6 11. Qb3 Bxf1 12. Kxf1 O-O 13. Ke2 c5 14. dxc5
Na6 15. Rhd1 Qc7 16. cxb6 axb6 17. a4 Rfc8 18. Kf1 e6 19. Rab1 Nc5 20. Qxb6
Qxb6 21. Rxb6 Nxa4 22. Rbd6 Nxc3 23. Rd8+ Rxd8 24. Rxd8+ Rxd8 25. Bxd8 1/2-1/2

[Event "Elit(Farsta-Manhem)"]
[Site "?"]
[Date "2017.03.25"]
[Round "8"]
[White "Fendrich, David"]
[Black "Namini, Armin"]
[Result "0-1"]
[WhiteElo "2256"]
[BlackElo "2110"]
[PlyCount "78"]

1. g3 g6 2. Bg2 Bg7 3. c4 Nf6 4. Nc3 O-O 5. e4 d6 6. Nge2 c5 7. a3 Nc6 8. Rb1
a5 9. O-O Ne8 10. d3 Nc7 11. Nd5 Nxd5 12. cxd5 Nd4 13. b4 cxb4 14. axb4 a4 15.
Nxd4 Bxd4 16. Bb2 Qb6 17. Qd2 Bd7 18. Rfc1 Rfc8 19. Rc4 Bxb2 20. Qxb2 Bb5 21.
Rc3 Rxc3 22. Qxc3 Bd7 23. e5 Rc8 24. Qb2 Bb5 25. d4 Bd3 26. Rd1 Rc2 27. Qa1 Bb5
28. Qb1 Rc3 29. Qe4 Qc7 30. Qf4 a3 31. h4 Rc4 32. Bf1 Rxb4 33. Bxb5 Rxb5 34. e6
fxe6 35. h5 Qc2 36. Rd2 Rb1+ 37. Kg2 Qf5 38. Qh4 g5 39. Qh3 Rg1+ 0-1

[Event "Elit(Farsta-Manhem)"]
[Site "?"]
[Date "2017.03.25"]
[Round "8"]
[White "Lundin, Jan"]
[Black "Al Waeli, Laith"]
[Result "1/2-1/2"]
[WhiteElo "2276"]
[BlackElo "2075"]
[PlyCount "115"]
[EventDate "2017.??.??"]

1. e4 e5 2. Nf3 Nc6 3. d4 exd4 4. Nxd4 Nf6 5. Nxc6 bxc6 6. e5 Qe7 7. Qe2 Nd5 8.
c4 Nb6 9. Nc3 a5 10. Bd2 Qe6 11. Qe4 Ba6 12. b3 Bb7 13. Be2 d5 14. exd6 cxd6
15. O-O Qxe4 16. Nxe4 Be7 17. Bf4 Nc8 18. Rad1 d5 19. cxd5 cxd5 20. Nc3 O-O 21.
Nxd5 Bc5 22. Bf3 Ra7 23. Rfe1 Nb6 24. Nxb6 Bxf3 25. gxf3 Bxb6 26. Rd6 Bc5 27.
Rd5 Bb4 28. Re4 Rfa8 29. Kf1 f6 30. Bd2 Bxd2 31. Rxd2 a4 32. Red4 axb3 33. axb3
Ra1+ 34. Rd1 R1a2 35. R4d2 Rxd2 36. Rxd2 Ra1+ 37. Kg2 Rb1 38. Rd3 g5 39. f4 Kf7
40. f5 Ke7 41. Kf3 h5 42. h3 Rb2 43. Kg3 Rb1 44. Re3+ Kd7 45. Kg2 Rb2 46. Re6
Rxb3 47. Rxf6 Rb5 48. Rh6 h4 49. Rh7+ Ke8 50. f6 Rf5 51. Rg7 Kf8 52. f3 Ra5 53.
Kf2 Rb5 54. Ke3 Rf5 55. Ke4 Rf4+ 56. Ke3 Rf5 57. Ke4 Rf4+ 58. Ke3 1/2-1/2

[Event "Elit(Rockaden,Sthlm-Team Viking)"]
[Site "?"]
[Date "2017.03.26"]
[Round "9"]
[White "Hammer, Jon Ludvig"]
[Black "Berg, Emanuel"]
[Result "0-1"]
[WhiteElo "2628"]
[BlackElo "2572"]
[PlyCount "70"]

1. d4 Nf6 2. c4 g6 3. g3 Bg7 4. Bg2 O-O 5. Nf3 d6 6. O-O Nc6 7. Nc3 Rb8 8. d5
Na5 9. b3 c5 10. dxc6 Nxc6 11. Bg5 Re8 12. Rc1 Qa5 13. Qd2 Bf5 14. Ne1 a6 15.
h3 Bd7 16. Nd3 h5 17. Rfd1 Bf5 18. e4 Bd7 19. Be3 Nh7 20. Qb2 Nf8 21. b4 Qd8
22. f4 e5 23. Qf2 exf4 24. gxf4 Qc8 25. Kh2 f5 26. b5 Ne7 27. Bd4 Qxc4 28. Bxg7
Kxg7 29. Nd5 Qa4 30. Nb2 Qxa2 31. Ra1 Qb3 32. Qd4+ Kh6 33. Nc4 Ne6 34. Qf6 Nxd5
35. Nxd6 Nxf6 0-1

[Event "Elit(Rockaden,Sthlm-Team Viking)"]
[Site "?"]
[Date "2017.03.26"]
[Round "9"]
[White "Goganov, Aleksey"]
[Black "Nielsen, Peter Heine"]
[Result "1/2-1/2"]
[WhiteElo "2639"]
[BlackElo "2645"]
[PlyCount "30"]

1. c4 c5 2. Nf3 Nf6 3. Nc3 e6 4. d4 cxd4 5. Nxd4 Bb4 6. Nc2 Bxc3+ 7. bxc3 O-O
8. Ba3 Re8 9. g3 b6 10. Bg2 Nc6 11. Bxc6 dxc6 12. Qxd8 Rxd8 13. Be7 Rd7 14.
Bxf6 gxf6 15. Rd1 Kf8 1/2-1/2

[Event "Elit(Rockaden,Sthlm-Team Viking)"]
[Site "?"]
[Date "2017.03.26"]
[Round "9"]
[White "Wiedenkeller, Michael"]
[Black "Ivanov, Sergey"]
[Result "1/2-1/2"]
[WhiteElo "2474"]
[BlackElo "2545"]
[PlyCount "107"]

1. d4 Nf6 2. c4 e6 3. g3 d5 4. Nf3 dxc4 5. Bg2 a6 6. O-O Nc6 7. e3 Rb8 8. Nfd2
e5 9. Bxc6+ bxc6 10. dxe5 Ng4 11. Nxc4 Be6 12. Nbd2 Qd5 13. b3 h5 14. Qf3 h4
15. h3 Nh6 16. g4 Be7 17. Qe2 f5 18. exf6 gxf6 19. e4 Qd7 20. Kh1 Rd8 21. Bb2
Qd3 22. Qxd3 Rxd3 23. f3 Nf7 24. Rae1 Ng5 25. Kg2 Kf7 26. Re2 Rhd8 27. Bc1 Bb4
28. Nb1 Rd1 29. Rxd1 Rxd1 30. Rc2 Bxc4 31. Rxc4 Ne6 32. f4 Bd6 33. f5 Nd4 34.
Be3 Nxb3 35. axb3 Rxb1 36. Rc3 Rb2+ 37. Kf1 Bg3 38. Rxc6 Rxb3 39. Bd4 Bd6 40.
g5 Rb4 41. Bxf6 Rxe4 42. Rc2 Rf4+ 43. Rf2 Rxf2+ 44. Kxf2 Be7 45. Bxe7 Kxe7 46.
Ke3 a5 47. Kd4 a4 48. Kc3 c5 49. Kc4 Kf7 50. g6+ Kf6 51. Kc3 Kg7 52. Kb2 c4 53.
Kb1 Kf6 54. Kb2 1/2-1/2

[Event "Elit(Rockaden,Sthlm-Team Viking)"]
[Site "?"]
[Date "2017.03.26"]
[Round "9"]
[White "Westerberg, Jonathan"]
[Black "Bator, Robert"]
[Result "1/2-1/2"]
[WhiteElo "2480"]
[BlackElo "2401"]
[PlyCount "68"]

1. d4 d5 2. c4 c6 3. cxd5 cxd5 4. Bg5 h6 5. Bh4 Qb6 6. Nc3 e6 7. Qd2 Be7 8.
Bxe7 Nxe7 9. e3 Bd7 10. Bd3 O-O 11. Nf3 Bc6 12. Ne5 Nd7 13. Nxc6 Nxc6 14. O-O
a6 15. Rac1 Rac8 16. Rfd1 Qa7 17. Na4 Rc7 18. Nc5 Nxc5 19. Rxc5 Rfc8 20. Rdc1
b6 21. R5c3 Nb8 22. R1c2 Rxc3 23. Rxc3 Qd7 24. Qc2 Rxc3 25. Qxc3 Qc6 26. Qxc6
Nxc6 27. Bxa6 Nb4 28. Bb5 Nxa2 29. Kf1 Nc1 30. Ba4 Kf8 31. Bc2 Na2 32. Ke2 Nb4
33. Bb1 Ke7 34. Kd2 Kd6 1/2-1/2

[Event "Elit(Rockaden,Sthlm-Team Viking)"]
[Site "?"]
[Date "2017.03.26"]
[Round "9"]
[White "Engqvist, Thomas"]
[Black "Sagit, Rauan"]
[Result "1/2-1/2"]
[WhiteElo "2344"]
[BlackElo "2417"]
[PlyCount "95"]

1. Nf3 f5 2. d3 Nc6 3. e4 e5 4. Nbd2 Nh6 5. Nc4 Nf7 6. Ne3 f4 7. Nd5 d6 8. g3
g5 9. h4 g4 10. Ng5 f3 11. c3 h6 12. Nxf7 Kxf7 13. Qb3 Na5 14. Qa4 c6 15. b4 b5
16. Qxa5 Qxa5 17. bxa5 cxd5 18. exd5 Bd7 19. Be3 a6 20. Kd2 Be7 21. Bb6 Bd8 22.
Bxd8 Rhxd8 23. d4 Rac8 24. Bd3 Rc7 25. Rab1 Rdc8 26. Rb3 Kf6 27. a4 Be8 28.
axb5 axb5 29. Ra1 Bf7 30. Rxb5 Rxc3 31. dxe5+ Kxe5 32. a6 R3c5 33. Rxc5 dxc5
34. Bc4 Bxd5 35. Bxd5 Kxd5 36. a7 Ra8 37. Kc3 Kc6 38. Kc4 Kb6 39. h5 Rxa7 40.
Rxa7 Kxa7 41. Kxc5 Ka6 42. Kc6 Ka5 43. Kc5 Ka4 44. Kc4 Ka3 45. Kc3 Ka2 46. Kc2
Ka1 47. Kc1 Ka2 48. Kc2 1/2-1/2

[Event "Elit(Rockaden,Sthlm-Team Viking)"]
[Site "?"]
[Date "2017.03.26"]
[Round "9"]
[White "Lindberg, Bo"]
[Black "Kenneskog, Theodor"]
[Result "1-0"]
[WhiteElo "2398"]
[BlackElo "2323"]
[PlyCount "65"]

1. d4 d5 2. c4 e6 3. Nc3 a6 4. cxd5 exd5 5. Nf3 c6 6. Bf4 Bd6 7. Bxd6 Qxd6 8.
e4 dxe4 9. Nxe4 Qd5 10. Nc3 Qe6+ 11. Be2 Nf6 12. O-O O-O 13. Re1 Qd6 14. Qb3 b5
15. Rad1 Be6 16. Qc2 Nbd7 17. Ne5 Rac8 18. Bf3 g6 19. a3 c5 20. dxc5 Qxc5 21.
Nxd7 Bxd7 22. Qd2 Bc6 23. Bxc6 Qxc6 24. Qd6 Kg7 25. h3 Rc7 26. Qf4 Qc5 27. Rd6
Nh5 28. Qd2 Rc6 29. Rd5 Qa7 30. Rd7 Rc7 31. Rxc7 Qxc7 32. Qd4+ Nf6 33. Qxf6+
1-0

[Event "Elit(Rockaden,Sthlm-Team Viking)"]
[Site "?"]
[Date "2017.03.26"]
[Round "9"]
[White "Hedman, Erik"]
[Black "Cramling, Dan"]
[Result "0-1"]
[WhiteElo "2363"]
[BlackElo "2364"]
[PlyCount "74"]

1. d4 Nf6 2. c4 c5 3. d5 b5 4. cxb5 a6 5. bxa6 g6 6. Nc3 Bg7 7. e4 O-O 8. Nf3
Qa5 9. Bd2 d6 10. Be2 Bxa6 11. O-O Bxe2 12. Qxe2 Qa6 13. Qd1 Nbd7 14. Qc2 Rfb8
15. a4 Ne8 16. Ra3 Nc7 17. Rb1 Ra7 18. Nb5 Nxb5 19. axb5 Qb6 20. Qc4 Rba8 21.
Rxa7 Qxa7 22. b4 Qa4 23. Qe2 Qa2 24. Qf1 c4 25. Rc1 Rc8 26. Bc3 Bxc3 27. Rxc3
Qb2 28. Qc1 Qxb4 29. Nd4 Rc5 30. Qa1 Ne5 31. f4 Nd3 32. g3 Rc7 33. Qa3 Qb1+ 34.
Kg2 Qe1 35. Rxd3 Qxe4+ 36. Rf3 Qxd4 37. Qb4 Qxd5 0-1

[Event "Elit(Eksjo-LASK)"]
[Site "?"]
[Date "2017.03.26"]
[Round "9"]
[White "Smith, Axel"]
[Black "Gdanski, Jacek"]
[Result "1-0"]
[WhiteElo "2511"]
[BlackElo "2484"]
[PlyCount "83"]

1. e4 e5 2. Nc3 Nf6 3. g3 c6 4. d4 exd4 5. Qxd4 d5 6. Bg2 Nxe4 7. Nxe4 dxe4 8.
Qxe4+ Qe7 9. Be3 Qxe4 10. Bxe4 Nd7 11. O-O-O Bc5 12. Bxc5 Nxc5 13. Bg2 O-O 14.
Ne2 Re8 15. Nd4 a5 16. Rd2 g6 17. Rhd1 Kf8 18. Nxc6 bxc6 19. Bxc6 Bb7 20. Bxe8
Kxe8 21. Re1+ Kf8 22. Re5 Rc8 23. Rd4 Ba6 24. Re3 Bb7 25. Rc4 Bd5 26. Rcc3 f6
27. b3 Kf7 28. a3 Rc7 29. b4 axb4 30. axb4 Ne6 31. Rxc7+ Nxc7 32. c4 Bg2 33.
Kb2 f5 34. Kc3 Ne6 35. b5 g5 36. Kb4 f4 37. gxf4 gxf4 38. Rd3 Kf6 39. Rd7 Ng5
40. b6 Nh3 41. Rd5 Bxd5 42. cxd5 1-0

[Event "Elit(Eksjo-LASK)"]
[Site "?"]
[Date "2017.03.26"]
[Round "9"]
[White "Grandelius, Nils"]
[Black "Tari, Aryan"]
[Result "1/2-1/2"]
[WhiteElo "2642"]
[BlackElo "2584"]
[PlyCount "56"]

1. e4 e5 2. Nf3 Nc6 3. Bb5 a6 4. Ba4 Nf6 5. O-O Be7 6. Re1 b5 7. Bb3 d6 8. c3
O-O 9. h3 Na5 10. Bc2 c5 11. d4 Nd7 12. a4 Bb7 13. d5 c4 14. Na3 Qb6 15. axb5
axb5 16. Nxb5 Nc5 17. Na3 Ba6 18. Rb1 Rfb8 19. Be3 Qc7 20. Nd2 Rb7 21. Qe2 Rab8
22. Red1 Rxb2 23. Qf1 g6 24. Rxb2 Rxb2 25. Rb1 Ra2 26. Ra1 Rb2 27. Rb1 Ra2 28.
Ra1 Rb2 1/2-1/2

[Event "Elit(Eksjo-LASK)"]
[Site "?"]
[Date "2017.03.26"]
[Round "9"]
[White "Tikkanen, Hans"]
[Black "Rasmussen, Allan Stig"]
[Result "0-1"]
[WhiteElo "2518"]
[BlackElo "2502"]
[PlyCount "58"]

1. e4 c6 2. Nf3 d5 3. Nc3 Nf6 4. e5 Ne4 5. d4 Nxc3 6. bxc3 c5 7. c4 Nc6 8. cxd5
Qxd5 9. c4 Qe4+ 10. Be3 Nxd4 11. Nxd4 cxd4 12. Qxd4 Bf5 13. Qc3 e6 14. c5 O-O-O
15. f3 Qa4 16. Rc1 Be7 17. Qb2 Bd3 18. Kf2 f5 19. c6 b6 20. Rc3 Bxf1 21. Rxf1
f4 22. Bxb6 axb6 23. Qxb6 Rd2+ 24. Kg1 Qd4+ 25. Qxd4 Rxd4 26. c7 Kd7 27. Rb1
Bb4 28. Rcb3 Bc5 29. Rb8 Rd1# 0-1

[Event "Elit(Eksjo-LASK)"]
[Site "?"]
[Date "2017.03.26"]
[Round "9"]
[White "Malesevic, Nedeljko"]
[Black "Ahlander, Bjorn"]
[Result "1/2-1/2"]
[WhiteElo "2259"]
[BlackElo "2418"]
[PlyCount "178"]

1. d4 c5 2. d5 e6 3. c4 exd5 4. cxd5 d6 5. Nc3 Ne7 6. Nf3 Ng6 7. e4 Be7 8. Be2
a6 9. a4 O-O 10. O-O Re8 11. Be3 Bf6 12. Qc2 Bg4 13. Nd2 Bxe2 14. Nxe2 Nd7 15.
a5 Bg5 16. Bxg5 Qxg5 17. Ra3 Nf4 18. Nxf4 Qxf4 19. Rf3 Qg5 20. Nc4 Qe7 21. Re3
Ne5 22. Nxe5 Qxe5 23. Qb3 Re7 24. Rc1 Rae8 25. h3 g6 26. Rc4 f5 27. exf5 Qxf5
28. Rcc3 Qf4 29. Rxe7 Rxe7 30. Re3 Rxe3 31. fxe3 Qf7 32. Qc4 Qf5 33. Qb3 Qf7
34. Qc4 Qe7 35. Qb3 Kf7 36. Kh1 Ke8 37. Qc3 Kd8 38. b4 cxb4 39. Qxb4 Kc7 40.
Qb6+ Kc8 41. Qd4 Qe5 42. Qd2 Kb8 43. Kg1 h5 44. Kf2 g5 45. Ke2 Qe4 46. Kf2 Qh4+
47. Kf1 Qc4+ 48. Kf2 Qe4 49. Kf1 h4 50. Kf2 Qf5+ 51. Ke2 Qe5 52. Kf1 Qe4 53.
Kf2 Ka7 54. Qb2 Kb8 55. Qh8+ Ka7 56. Qb2 Qf5+ 57. Ke2 Qf8 58. Qb6+ Ka8 59. Qc7
Qf6 60. Qc2 Kb8 61. Qd2 Qe5 62. Kf1 Qe4 63. Kf2 g4 64. hxg4 Qxg4 65. Ke1 Qg3+
66. Kd1 Qg4+ 67. Ke1 Qe4 68. Kf2 Qe5 69. Ke2 Qg5 70. Kf1 Qe5 71. Ke2 Qg7 72.
Kf1 Ka8 73. Ke1 Qg3+ 74. Kd1 Qg4+ 75. Ke1 Qc4 76. Kf2 b6 77. axb6 Kb7 78. Qa5
Qc2+ 79. Kf3 Qf5+ 80. Ke2 Qg4+ 81. Kf1 h3 82. gxh3 Qf3+ 83. Kg1 Qg3+ 84. Kf1
Qxh3+ 85. Kf2 Qf5+ 86. Ke2 Qc2+ 87. Kf3 Qf5+ 88. Ke2 Qg4+ 89. Kf2 Qf5+ 1/2-1/2

[Event "Elit(Eksjo-LASK)"]
[Site "?"]
[Date "2017.03.26"]
[Round "9"]
[White "Mauritsson, Sebastian"]
[Black "Vernersson, Per"]
[Result "1-0"]
[WhiteElo "2317"]
[BlackElo "2293"]
[PlyCount "61"]

1. e4 c6 2. d4 d5 3. Nc3 dxe4 4. Nxe4 Nd7 5. Ng5 Ngf6 6. Bd3 e6 7. N1f3 Bd6 8.
Qe2 h6 9. Ne4 Nxe4 10. Qxe4 Qc7 11. O-O c5 12. Re1 Nf6 13. Qh4 Bd7 14. Bg5 Be7
15. dxc5 Qxc5 16. Ne5 Bc6 17. Qh3 Rf8 18. Bd2 a5 19. a3 a4 20. Bb4 Qd4 21. Bxe7
Kxe7 22. Ng6+ Kd7 23. Rad1 Qxb2 24. Bc4+ Kc7 25. Qg3+ e5 26. Rxe5 Kb6 27. Qe3+
Kc7 28. Re7+ Nd7 29. Nxf8 Rxf8 30. Rexd7+ Bxd7 31. Qc5+ 1-0

[Event "Elit(Eksjo-LASK)"]
[Site "?"]
[Date "2017.03.26"]
[Round "9"]
[White "Ornstein, Axel"]
[Black "Semcesen, Daniel"]
[Result "0-1"]
[WhiteElo "2344"]
[BlackElo "2470"]
[PlyCount "78"]

1. e4 e5 2. Nf3 Nc6 3. Nc3 Nf6 4. d4 exd4 5. Nxd4 Bb4 6. Nxc6 bxc6 7. Bd3 d5 8.
exd5 cxd5 9. O-O O-O 10. h3 Re8 11. Qf3 c6 12. Bf4 Bd6 13. Rfe1 Be6 14. Rad1
Qb8 15. Bxd6 Qxd6 16. Ne2 Qb4 17. b3 a5 18. Nd4 Bd7 19. c3 Qd6 20. Bf5 Rxe1+
21. Rxe1 Re8 22. Rxe8+ Bxe8 23. Qe3 g6 24. Bd3 Bd7 25. Nc2 c5 26. c4 d4 27. Qe1
Qb6 28. Qe5 h5 29. Kf1 Ne8 30. Ne1 Qd6 31. Qxd6 Nxd6 32. Ke2 Kg7 33. f3 Bc6 34.
Bc2 Kf6 35. Nd3 Nb7 36. Nf2 Ke5 37. g3 Kd6 38. Be4 Bxe4 39. Nxe4+ Kc6 0-1

[Event "Elit(Eksjo-LASK)"]
[Site "?"]
[Date "2017.03.26"]
[Round "9"]
[White "Dragicevic, Drazen"]
[Black "Thornert, Hakan"]
[Result "1-0"]
[WhiteElo "2297"]
[BlackElo "2219"]
[PlyCount "59"]

1. c4 e5 2. Nc3 Nf6 3. a3 Be7 4. e4 O-O 5. Nf3 d6 6. d4 exd4 7. Nxd4 Re8 8. Be2
Nbd7 9. O-O Nc5 10. f3 a5 11. b3 c6 12. Rb1 Bf8 13. b4 axb4 14. axb4 Ne6 15.
Nc2 Nc7 16. Qd3 d5 17. Rd1 Be6 18. exd5 cxd5 19. c5 Na6 20. Be3 Qc8 21. Nd4 Nd7
22. f4 b6 23. c6 Nxb4 24. cxd7 Bxd7 25. Qd2 Ra3 26. Rdc1 Bc5 27. Bf2 Bf5 28.
Rb2 Be4 29. Ncb5 Ra8 30. Nd6 1-0

[Event "Elit(Eksjo-LASK)"]
[Site "?"]
[Date "2017.03.26"]
[Round "9"]
[White "Petersson, Dick"]
[Black "Olsson, Linus"]
[Result "0-1"]
[WhiteElo "1914"]
[BlackElo "2250"]
[PlyCount "61"]

1. e4 c5 2. Nf3 d6 3. d4 cxd4 4. Nxd4 Nf6 5. Nc3 a6 6. Bc4 e6 7. Bg5 Be7 8. Bb3
b5 9. Qf3 Qb6 10. Be3 Qb7 11. Qg3 O-O 12. Bh6 Ne8 13. O-O-O Nc6 14. Be3 Nxd4
15. Bxd4 b4 16. Na4 Qxe4 17. c3 bxc3 18. Nxc3 Qh4 19. Qf3 Rb8 20. Rhe1 Bb7 21.
Qd3 Bf6 22. Bxf6 Nxf6 23. f3 d5 24. Bc2 Rfc8 25. Qe3 Ba8 26. Rd4 Qxh2 27. Qg5
h6 28. Qe3 Qg3 29. Rh1 e5 30. Rg4 Nxg4 31. fxg4 0-1

[Event "Elit(Kungstornet-Manhem)"]
[Site "?"]
[Date "2017.03.26"]
[Round "9"]
[White "Winsnes, Rikard"]
[Black "Lyrberg, Patrik"]
[Result "0-1"]
[WhiteElo "2395"]
[BlackElo "2459"]
[PlyCount "79"]

1. e4 e5 2. Nf3 Nc6 3. Bb5 a6 4. Ba4 Nf6 5. O-O b5 6. Bb3 Be7 7. Re1 O-O 8. c3
d6 9. h3 Nb8 10. d4 Nbd7 11. Nbd2 Bb7 12. Bc2 Re8 13. Nf1 Bf8 14. Ng3 g6 15. a4
Rb8 16. Bg5 h6 17. Bd2 c5 18. d5 c4 19. Qc1 Kh7 20. Rf1 Nc5 21. axb5 axb5 22.
Nh2 Bc8 23. Kh1 Rb7 24. f4 exf4 25. Rxf4 Kg8 26. Ra8 Bg7 27. Qf1 Qe7 28. h4 h5
29. Rf3 Bg4 30. Rxe8+ Nxe8 31. Rf4 Qxh4 32. Be1 Be5 33. Nf5 Qg5 34. Bd2 Bxf4
35. Bxf4 Qf6 36. Nh6+ Kf8 37. N6xg4 hxg4 38. Nxg4 Qh4+ 39. Nh2 Re7 40. g3 0-1

[Event "Elit(Kungstornet-Manhem)"]
[Site "?"]
[Date "2017.03.26"]
[Round "9"]
[White "von Bahr, Oskar"]
[Black "Rozentalis, Eduardas"]
[Result "1/2-1/2"]
[WhiteElo "2360"]
[BlackElo "2577"]
[PlyCount "80"]
[SourceDate "2017.04.02"]

1. e4 e6 2. d4 d5 3. Nd2 Be7 4. Ngf3 c5 5. exd5 exd5 6. Bb5+ Bd7 7. Bxd7+ Nxd7
8. dxc5 Nxc5 9. O-O Nf6 10. Nb3 Nce4 11. Nfd4 Qd7 12. f3 Nd6 13. Nc5 Qc7 14.
Nd3 O-O 15. Be3 Rfe8 16. Bf2 a6 17. Re1 Nc4 18. Nf5 Bf8 19. Bd4 Nd7 20. Kh1 Nd6
21. Rxe8 Rxe8 22. Nxd6 Bxd6 23. Bg1 Nf6 24. Qd2 Qc4 25. Bf2 h6 26. a3 Re6 27.
Re1 Qc7 28. Bg1 h5 29. Qf2 h4 30. Qxh4 Qxc2 31. Qd4 Rxe1 32. Nxe1 Qb1 33. Nd3
Bc7 34. Qc3 Bb6 35. Qc1 Qxd3 36. Bxb6 Kh7 37. Bg1 Qe2 38. Qc3 b5 39. Qd4 Kg6
40. h3 Qc4 1/2-1/2

[Event "Elit(Kungstornet-Manhem)"]
[Site "?"]
[Date "2017.03.26"]
[Round "9"]
[White "Welin, Mats"]
[Black "Cicak, Slavko"]
[Result "0-1"]
[WhiteElo "2356"]
[BlackElo "2509"]
[PlyCount "66"]

1. e4 c5 2. Nf3 d6 3. d4 cxd4 4. Nxd4 Nf6 5. Nc3 Nc6 6. Bg5 e6 7. Qd2 Be7 8.
O-O-O Nxd4 9. Qxd4 O-O 10. f4 h6 11. Bh4 Qa5 12. Bc4 Rd8 13. Bb3 Qh5 14. Bg3 b5
15. e5 dxe5 16. Qxe5 Bd7 17. Nd5 exd5 18. Qxe7 a5 19. Qe5 Bf5 20. Bh4 Ng4 21.
Qe1 Re8 22. Be7 a4 23. Bxd5 Rac8 24. c3 Bg6 25. Be4 Bxe4 26. Qxe4 Nf2 27. Qb7
Nxd1 28. Rxd1 Qxh2 29. Bd6 Qh5 30. Be5 Rcd8 31. Bd4 Qf5 32. Qf3 Re4 33. g3 b4
0-1

[Event "Elit(Kungstornet-Manhem)"]
[Site "?"]
[Date "2017.03.26"]
[Round "9"]
[White "Larsson, Anders"]
[Black "Moberg, Karl Johan"]
[Result "1/2-1/2"]
[WhiteElo "2287"]
[BlackElo "2280"]
[PlyCount "109"]

1. d4 Nf6 2. Nf3 g6 3. Bf4 Bg7 4. e3 O-O 5. Be2 d6 6. h3 Nbd7 7. O-O Qe8 8. Nc3
e5 9. Bh2 Qe7 10. a4 a5 11. Nb5 Ne8 12. c3 f5 13. Re1 e4 14. Nd2 c6 15. Na3 d5
16. c4 Ndf6 17. cxd5 Nxd5 18. Nac4 Be6 19. Bf1 Nb4 20. Nb6 Rd8 21. Nb3 Bxb3 22.
Qxb3+ Kh8 23. Rad1 Nf6 24. Nc4 Rd5 25. Ne5 Rdd8 26. Rc1 Nfd5 27. Bc4 Bf6 28.
Bf1 Ra8 29. Qd1 Kg7 30. Nc4 Rfd8 31. f3 Bh4 32. Be5+ Bf6 33. fxe4 fxe4 34. Qg4
b5 35. axb5 cxb5 36. Nd2 Bxe5 37. dxe5 Qxe5 38. Qxe4 Qxe4 39. Nxe4 Re8 40. Nd6
Rxe3 41. Rxe3 Nxe3 42. Rc7+ Kf6 43. Bxb5 h5 44. Ne8+ Kg5 45. Rc5+ Kh6 46. Nd6
Kg7 47. Be2 Rd8 48. Ne4 Rd5 49. Kf2 Nd1+ 50. Kf3 Rxc5 51. Nxc5 Nxb2 52. Bb5 a4
53. Nxa4 Nxa4 54. Bxa4 Nd3 55. Kg3 1/2-1/2

[Event "Elit(Kungstornet-Manhem)"]
[Site "?"]
[Date "2017.03.26"]
[Round "9"]
[White "Fendrich, David"]
[Black "Henriksson, Johan"]
[Result "0-1"]
[WhiteElo "2256"]
[BlackElo "2273"]
[PlyCount "174"]

1. Nf3 d5 2. g3 Nf6 3. Bg2 c6 4. c4 e6 5. b3 Be7 6. O-O O-O 7. Bb2 b6 8. Qc2
Bb7 9. d3 c5 10. cxd5 Nxd5 11. Nc3 Bf6 12. Nxd5 Bxd5 13. Rfd1 Nc6 14. e4 Nb4
15. Qe2 Bxb2 16. Qxb2 Bb7 17. a3 Nc6 18. b4 cxb4 19. axb4 Qe7 20. b5 Na5 21.
Ne5 Rfd8 22. d4 f6 23. Ng4 f5 24. Ne5 fxe4 25. Qb1 e3 26. fxe3 Bxg2 27. Kxg2
Qb7+ 28. Kg1 a6 29. Rf1 axb5 30. Qxb5 Qe4 31. Qxb6 Qxe3+ 32. Rf2 Re8 33. Qc7
Rf8 34. Raf1 Rxf2 35. Rxf2 Rf8 36. Ng4 Qxd4 37. Qxa5 Qxg4 38. Rxf8+ Kxf8 39.
Qd8+ Kf7 40. Qd6 h6 41. Kg2 Qe4+ 42. Kf2 Kg6 43. Qc7 e5 44. h4 Qf5+ 45. Ke3 h5
46. Qc6+ Kh7 47. Qe8 Kh6 48. Qh8+ Kg6 49. Qe8+ Kh7 50. Qe7 Qf6 51. Qe8 Qb6+ 52.
Ke2 Qb2+ 53. Kf1 Qc1+ 54. Ke2 Qc4+ 55. Ke1 Qe4+ 56. Kf2 Qd4+ 57. Ke2 Qg4+ 58.
Kf2 e4 59. Qb8 Qf3+ 60. Ke1 e3 61. Qb1+ g6 62. Qd3 Qxg3+ 63. Ke2 Qf2+ 64. Kd1
Qxh4 65. Qxe3 Qf6 66. Qa7+ Kh6 67. Qe3+ g5 68. Ke2 h4 69. Ke1 Kh5 70. Qe8+ Kh6
71. Qe3 Qf5 72. Qe8 g4 73. Qh8+ Kg5 74. Qd8+ Qf6 75. Qd2+ Kg6 76. Qd3+ Kh6 77.
Qe3+ Kh5 78. Qe8+ Kh6 79. Qe3+ Kg7 80. Qe4 g3 81. Qg4+ Kh6 82. Ke2 Qf2+ 83. Kd3
g2 84. Qe6+ Kg5 85. Qg8+ Kf4 86. Qb8+ Kg4 87. Qc8+ Qf5+ 0-1